000 00251nam a22000857a 4500
008 160630b xxu||||| |||| 00| 0 eng d
100 _91494
_a Sharma, V.D
245 _aIntroduction to Physical and Health Education - XII
260 _aNew Delhi
_bAvichal
_c2003
999 _c1242
_d1242